Saga cinematografica di Harry Potter - Statistics

Statistiche generali
  • Questo quiz è stato fatto 152 volte
  • Il punteggio medio è 8 su 8
Statistiche sulle risposte
Anno di uscita Film % Corretto
2010 Harry Potter e i Doni della Morte - Parte 1
99%
2011 Harry Potter e i Doni della Morte - Parte 2
99%
2005 Harry Potter e il calice di fuoco
99%
2001 Harry Potter e la pietra filosofale
99%
2004 Harry Potter e il prigioniero di Azkaban
98%
2009 Harry Potter e il principe mezzosangue
97%
2002 Harry Potter e la camera dei segreti
97%
2007 Harry Potter e l'Ordine della Fenice
94%
Nessun quiz corrispondente trovato
Distribuzione punteggi
Percentuale di utenti per punteggio
Percentile per numero di risposta
I tuoi punteggi nel tempo
Non hai fatto questo quiz